|
|
|
|
| LEADER |
00000nam0a2200000 4500 |
| 001 |
292596 |
| 005 |
20231102000518.0 |
| 035 |
|
|
|a (RuTPU)RU\TPU\book\317232
|
| 035 |
|
|
|a RU\TPU\book\97096
|
| 090 |
|
|
|a 292596
|
| 100 |
|
|
|a 20150423d1966 k y0rusy50 ca
|
| 101 |
0 |
|
|a rus
|
| 102 |
|
|
|a RU
|
| 105 |
|
|
|a a z 001zy
|
| 200 |
1 |
|
|a Специальные гидротехнические сооружения на атомных предприятиях
|f Г. М. Кузовлев
|g под ред. А. Н. Комаровского
|
| 210 |
|
|
|a Москва
|c Атомиздат
|d 1966
|
| 215 |
|
|
|a 283 с.
|c ил.
|
| 320 |
|
|
|a Библиогр.: с. 390-397.
|
| 606 |
1 |
|
|a Радиоактивные отбросы, жидкие
|x Обезвреживание
|2 stltpush
|3 (RuTPU)RU\TPU\subj\22420
|9 47181
|
| 606 |
1 |
|
|a Гидротехнические сооружения
|x Динамический расчет
|2 stltpush
|3 (RuTPU)RU\TPU\subj\6842
|9 34628
|
| 610 |
1 |
|
|a гидротехнические сооружения
|
| 610 |
1 |
|
|a энергетические системы
|
| 610 |
1 |
|
|a ядерное топливо
|
| 610 |
1 |
|
|a проектирование
|
| 610 |
1 |
|
|a хранение
|
| 610 |
1 |
|
|a транспортировка
|
| 610 |
1 |
|
|a жидкие радиоактивные вещества
|
| 610 |
1 |
|
|a физико-химические процессы
|
| 610 |
1 |
|
|a загрязнение
|
| 610 |
1 |
|
|a водозаборы
|
| 610 |
1 |
|
|a водохранилища-охладители
|
| 610 |
1 |
|
|a дренажи
|
| 610 |
1 |
|
|a атомная промышленность
|
| 675 |
|
|
|a 621.039.75
|v 3
|
| 675 |
|
|
|a 627.8.04
|v 3
|
| 700 |
|
1 |
|a Кузовлев
|b Г. М.
|g Георгий Михайлович
|
| 702 |
|
1 |
|a Комаровский
|b А. Н.
|4 340
|
| 801 |
|
1 |
|a RU
|b 63413507
|c 20060211
|g PSBO
|
| 801 |
|
2 |
|a RU
|b 63413507
|c 20150427
|g PSBO
|
| 942 |
|
|
|c BK
|